Fibonacci Sequence - Statistics

General Stats
  • This quiz has been taken 2,750 times
  • The average score is 18 of 21
Answer Stats
Answer % Correct
0
100%
1
100%
1
99%
2
99%
3
99%
5
99%
8
98%
13
97%
21
97%
34
96%
55
95%
89
94%
144
91%
233
86%
377
85%
610
81%
987
79%
1597
74%
2584
57%
4181
41%
6765
32%
No matching quizzes found
Score Distribution
Percent of People with Each Score
Percentile by Number Answered
Your Score History
You have not taken this quiz